Principios para el dimensionamiento la construcción y la operación de lagunas para aguas residuales comunales
Uloženo v:
| Korporativní autor: | |
|---|---|
| Médium: | Kniha |
| Jazyk: | španělština |
| Vydáno: |
Hennef
Asociación Técnica de Saneamiento
1989
|
| Vydání: | 2a. ed |
| Edice: | ATV Reglas Técnicas Alemanas: Aguas Residuales Desechos
|
| Témata: | |
| Tagy: |
Přidat tag
Žádné tagy, Buďte první, kdo vytvoří štítek k tomuto záznamu!
|
MARC
| LEADER | 00000nam a2200000 a 4500 | ||
|---|---|---|---|
| 001 | UCQ6388 | ||
| 003 | CL-VaPUC | ||
| 008 | 981016e19890000GW |||||||||||||||||spa|d | ||
| 082 | 0 | 4 | |a 628.445 |b ASO |2 21 |
| 110 | 2 | |a Asociación Técnica de Saneamiento |e author |9 420270 | |
| 245 | 1 | 0 | |a Principios para el dimensionamiento la construcción y la operación de lagunas para aguas residuales comunales |
| 250 | |a 2a. ed | ||
| 300 | |a 17 p | ||
| 942 | |c BK | ||
| 945 | |d 19981016 00:00:00 |a mvenant | ||
| 260 | |a Hennef |b Asociación Técnica de Saneamiento |c 1989 | ||
| 650 | 7 | |a PLANTAS PARA TRATAMIENTO DE AGUAS |2 CL-VaPUC |9 359463 | |
| 650 | 0 | |a Aguas residuales |9 262614 | |
| 650 | 7 | |a INGENIERIA SANITARIA |2 CL-VaPUC |9 262866 | |
| 650 | 0 | |a Tratamiento de residuos |9 262890 | |
| 583 | |a last modification |c 19981016 00:00:00 |k Rodrigo Vera | ||
| 490 | 0 | |a ATV Reglas Técnicas Alemanas: Aguas Residuales Desechos | |
| 999 | |c 276358 |d 276356 | ||
| 952 | |0 0 |1 0 |4 0 |6 628_445000000000000_ASO_1989 |7 0 |8 X |9 313551 |a BIBING |b BIBING |d 2019-11-20 |i 3439267 |o 628.445 ASO 1989 |p 3439267 |r 2025-01-20 |w 2019-11-20 |y BK_X |k EIB | ||